Obras Escogidas Tomo VI

Guardado en:
Bibliografiske detaljer
Hovedforfatter: Marx, Carlos
Format: Bog
Sprog:Undetermined
Udgivet: Buenos Aires, Argentina Ciencias del Hombre 1973
Fag:
Tags: Tilføj Tag
Ingen Tags, Vær først til at tagge denne postø!

MARC

LEADER 00000nam a2200000Ia 4500
008 170316s9999 xx 000 0 und d
090 |a 100 M-24o v.6 
100 |a Marx, Carlos 
245 |a Obras Escogidas Tomo VI 
260 |a Buenos Aires, Argentina 
260 |b Ciencias del Hombre 
260 |c 1973 
300 |a 434 páginas 
650 |a FILOSOFÍA 
999 |c 16963  |d 16963 
040 |a cru BVZT 
942 |c 15 D  |h 100 M-24o v.6  |2 z